Meri bal kahaniyan - Hindi (Record no. 75473)

MARC details
000 -LEADER
fixed length control field 00364nam a22001457a 4500
020 ## - INTERNATIONAL STANDARD BOOK NUMBER
ISBN 978-81-89198-64-0
082 ## - DEWEY DECIMAL CLASSIFICATION NUMBER
Classification number 811.214.21 TAG
100 ## - MAIN ENTRY--AUTHOR NAME
Personal name TAGORE, Ravindra Nath
245 ## - TITLE STATEMENT
Title Meri bal kahaniyan - Hindi
260 ## - PUBLICATION, DISTRIBUTION, ETC. (IMPRINT)
Place of publication New Delhi
Name of publisher Harvansh Lal & Sons
Year of publication 2024
300 ## - PHYSICAL DESCRIPTION
Number of Pages 144p.
700 ## - ADDED ENTRY--PERSONAL NAME
Personal name ANEJA, Harivamsh, Comp.
942 ## - ADDED ENTRY ELEMENTS (KOHA)
Koha item type Books
Holdings
Withdrawn status Lost status Damaged status Not for loan Home library Current library Date acquired Source of acquisition Full call number Accession Number Koha item type
        RRII Library RRII Library 02/04/2025 Complementary copy from Hindi Section, Rubber Board 811.214.21 TAG G01744 Books